00342nam a2200121Ia 4500001000400000008004100004020002200045082001900067245007600086260001600162901002700178999001500205757241024s9999 xx 000 0 und d a978-9945-415-18-6 aRD/863.5/S944f 0aSueños, fantasías y más, cuentos de niños y niñas dominicanos bPUCMMc2008 a1/12/2010 2:06:20 p.m. c7777d7777